Marcatori del Brasile ai Mondiali - Brasile 2014 - Statistics

Statistiche generali
  • Questo quiz è stato fatto 14 volte
  • Il punteggio medio è 10 su 11
Statistiche sulle risposte
Partita Minuto Marcatore % Corretto
Brasile - Croazia 3-1 29' Neymar
100%
Brasile - Croazia 3-1 71' Neymar
100%
Camerun - Brasile 1-4 17' Neymar
100%
Camerun - Brasile 1-4 35' Neymar
100%
Brasile - Cile 4-3 (d.c.r.) 18' David Luiz
92%
Brasile - Colombia 2-1 69' David Luiz
92%
Brasile - Croazia 3-1 91' Oscar
83%
Brasile - Germania 1-7 90' Oscar
83%
Brasile - Colombia 2-1 7' Thiago Silva
83%
Camerun - Brasile 1-4 49' Fred
75%
Camerun - Brasile 1-4 84' Fernandinho
50%
Nessun quiz corrispondente trovato
Distribuzione punteggi
Percentuale di utenti per punteggio
Percentile per numero di risposta
I tuoi punteggi nel tempo
Non hai fatto questo quiz